|
|
|
|
| LEADER |
00000nam a2200000 i 4500 |
| 001 |
DIGUCANT0171 |
| 003 |
NyNyDIG |
| 007 |
cr ||||||||||| |
| 008 |
230901s2022 sp a ob 000 0 spa d |
| 006 |
m o d |
| 035 |
|
|
|a (OCoLC)1395939762
|
| 040 |
|
|
|a DGITA
|b eng
|e rda
|e pn
|c DGITA
|
| 020 |
|
|
|a 9788419024213
|q eBook
|q pdf
|
| 020 |
|
|
|z 9788419024206
|q rústica
|
| 024 |
7 |
|
|a 10.22429/Euc2022.036
|2 doi
|
| 043 |
|
|
|a e-sp---
|
| 050 |
1 |
4 |
|a DP202.C67 ebook
|
| 100 |
1 |
|
|a Higueras Castañeda, Eduardo,
|d 1981-
|e author.
|
| 245 |
1 |
3 |
|a La pluma roja de la prensa federal :
|b Pablo Correa y Zafrilla (1842-1888) /
|c Eduardo Higueras Castañeda.
|
| 264 |
|
1 |
|a Santander :
|b Ediciones Universidad Cantabria,
|c [2022]
|
| 300 |
|
|
|a 1 online resource :
|b illustrations.
|
| 336 |
|
|
|a text
|b txt
|2 rdacontent
|
| 337 |
|
|
|a computer
|b c
|2 rdamedia
|
| 338 |
|
|
|a online resource
|b cr
|2 rdacarrier
|
| 347 |
|
|
|a text file
|2 rdaft
|
| 347 |
|
|
|b PDF
|
| 490 |
1 |
|
|a Colección Historia ;
|v #152
|
| 504 |
|
|
|a Includes bibliographical references.
|
| 588 |
0 |
|
|a Online resource; title from PDF title page (Digitalia, viewed September 1, 2023)
|
| 600 |
1 |
0 |
|a Correa y Zafrilla, Pablo,
|d 1844-1888.
|
| 651 |
|
0 |
|a Spain
|x Politics and government
|y 19th century.
|
| 650 |
|
0 |
|a Federal government
|z Spain
|x History
|y 19th century.
|
| 650 |
|
0 |
|a Press and politics
|z Spain
|x History
|y 19th century.
|
| 791 |
2 |
|
|a Digitalia (Firm),
|e distributor.
|
| 793 |
0 |
|
|g Digitalia eBook Collection:
|a Universidad de Cantabria
|
| 776 |
0 |
8 |
|i Print version:
|a Higueras Castañeda, Eduardo, 1981-
|t Pluma roja de la prensa federal.
|d Santander : Ediciones Universidad Cantabria, [2022]
|z 9788419024206
|
| 830 |
|
0 |
|a Colección historia (Santander, Spain) ;
|v #152.
|
| 856 |
4 |
0 |
|3 Digitalia Hispánica
|u https://www.digitaliapublishing.com/a/129355/
|
| 910 |
|
|
|a Premium collection: 2023
|